[Event "Moscow Victory Day-C"]
[Site "Moscow"]
[Date "2011.05.15"]
[Round "5"]
[White "Paravyan, David"]
[Black "Pokrovski, Pavel"]
[Result "1-0"]
[WhiteElo "2151"]
[BlackElo "2248"]
[PlyCount "99"]
[EventDate "2011.05.10"]
[EventType "tourn"]
[EventRounds "13"]
[EventCountry "RUS"]
[EventCategory "2"]
[SourceTitle "EXT 2012"]
[Source "ChessBase"]
[SourceDate "2011.11.24"]
[SourceVersion "1"]
[SourceVersionDate "2011.11.24"]
[SourceQuality "1"]

1. d4 Nf6 2. c4 e5 3. dxe5 Ng4 4. e3 Nxe5 5. Nc3 Nbc6 6. f4 Ng6 7. Nf3 Bb4 8. Bd2 d6 9. h4 h6 10. h5 Nge7 11. Qc2 Bf5 12. e4 Bg4 13. 0-0-0 Qd7 14. Be3 Bxc3 15. Qxc3 0-0 16. f5 f6 17. Rh4 Bxf3 18. gxf3 b6 19. Be2 Kh7 20. Rg4 Ng8 21. Rdg1 Rf7 22. R4g3 a5 23. Kb1 Nb4 24. a3 Na6 25. f4 Re8 26. c5 Nxc5 27. Bxc5 bxc5 28. Bc4 Rfe7 29. Be6 Qa4 30. Qf3 Rb8 31. Qg2 g5 32. fxg5 fxg5 33. Rxg5 hxg5 34. Qxg5 Rxb2+ 35. Kxb2 Qd4+ 36. Ka2 Rg7 37. Bxg8+ Kxg8 38. Qxg7+ Qxg7 39. Rxg7+ Kxg7 40. Kb3 c6 41. a4 Kf7 42. h6 Kf6 43. Kc4 Kf7 44. e5 dxe5 45. Kxc5 Kf6 46. h7 Kg7 47. f6+ Kxh7 48. Kd6 e4 49. f7 Kg7 50. Ke7 1-0

[Event "Moscow 05"]
[Site "Moscow"]
[Date "2009.05.17"]
[Round "10"]
[White "Shabanov, Yuri"]
[Black "Pokrovski, Pavel"]
[Result "1/2-1/2"]
[WhiteElo "2411"]
[BlackElo "2257"]
[PlyCount "47"]
[EventDate "2009.05.08"]
[EventType "tourn"]
[EventRounds "11"]
[EventCountry "RUS"]
[EventCategory "3"]
[SourceTitle "CBM 130 Extra"]
[Source "ChessBase"]
[SourceDate "2009.07.02"]
[SourceVersion "2"]
[SourceVersionDate "2009.07.15"]
[SourceQuality "1"]

1. e4 e5 2. Nf3 Nf6 3. Nc3 Nc6 4. Bb5 Nd4 5. 0-0 c6 6. Bd3 Nxf3+ 7. Qxf3 d6 8. Be2 Be7 9. d3 0-0 10. Qg3 Ne8 11. Bg4 f5 12. exf5 Bxf5 13. Be3 Bxg4 14. Qxg4 d5 15. Ne2 Nd6 16. Qe6+ Kh8 17. Qxe5 Bf6 18. Qh5 Bxb2 19. Rab1 Bf6 20. Nf4 Re8 21. Rfe1 b6 22. Bd2 Qd7 23. a4 Rxe1+ 24. Rxe1 1/2-1/2

[Event "Moscow 05"]
[Site "Moscow"]
[Date "2009.05.15"]
[Round "8"]
[White "Rozanov, Pavel B"]
[Black "Pokrovski, Pavel"]
[Result "1-0"]
[WhiteElo "2306"]
[BlackElo "2257"]
[PlyCount "141"]
[EventDate "2009.05.08"]
[EventType "tourn"]
[EventRounds "11"]
[EventCountry "RUS"]
[EventCategory "3"]
[SourceTitle "CBM 130 Extra"]
[Source "ChessBase"]
[SourceDate "2009.07.02"]
[SourceVersion "2"]
[SourceVersionDate "2009.07.15"]
[SourceQuality "1"]

1. d4 Nf6 2. c4 e5 3. dxe5 Ng4 4. e3 Nxe5 5. Nh3 Bb4+ 6. Bd2 Bxd2+ 7. Qxd2 d6 8. Nf4 0-0 9. Nc3 Na6 10. Be2 Bd7 11. 0-0 Re8 12. Rac1 Qg5 13. Ne4 Qh6 14. Ng3 Rad8 15. b4 Ng4 16. Bxg4 Bxg4 17. h3 Bc8 18. Rfd1 Qg5 19. a3 c6 20. Qd4 c5 21. Qc3 Nc7 22. Nd5 Nxd5 23. Rxd5 Qe7 24. Rcd1 Be6 25. Nh5 f6 26. R5d2 cxb4 27. axb4 Qf7 28. Nf4 Bxc4 29. Rxd6 Rxd6 30. Rxd6 b6 31. Qd4 Bb5 32. Nd5 Re6 33. Rd8+ Re8 34. Rd6 Re6 35. Nc7 Rxd6 36. Qxd6 Bd7 37. e4 h6 38. f4 Bc8 39. Qd8+ Qf8 40. Qd4 Qe7 41. Nd5 Qd8 42. e5 fxe5 43. Qxe5 Kh8 44. Ne7 Qe8 45. Qc7 Bd7 46. Qd6 a5 47. bxa5 bxa5 48. f5 a4 49. Kh2 Bb5 50. f6 gxf6 51. Qxf6+ Kh7 52. Nf5 Qg6 53. Qe7+ Kg8 54. Qd8+ Qe8 55. Qd5+ Kh7 56. Qd6 Kg8 57. Nxh6+ Kh7 58. Nf5 Qd7 59. Qh6+ Kg8 60. Qg5+ Kf7 61. Qf4 Ke6 62. h4 Bd3 63. Qe3+ Kf7 64. Nd4 Bg6 65. Qf4+ Kg7 66. Qe5+ Kh7 67. h5 Bd3 68. Ne6 Kg8 69. Qf6 Bc4 70. Qf8+ Kh7 71. Ng5# 1-0

[Event "Moscow 05"]
[Site "Moscow"]
[Date "2009.05.13"]
[Round "6"]
[White "Przybylski, Wojciech"]
[Black "Pokrovski, Pavel"]
[Result "1/2-1/2"]
[WhiteElo "2345"]
[BlackElo "2257"]
[PlyCount "151"]
[EventDate "2009.05.08"]
[EventType "tourn"]
[EventRounds "11"]
[EventCountry "RUS"]
[EventCategory "3"]
[SourceTitle "CBM 130 Extra"]
[Source "ChessBase"]
[SourceDate "2009.07.02"]
[SourceVersion "2"]
[SourceVersionDate "2009.07.15"]
[SourceQuality "1"]

1. e4 e5 2. Nf3 Nc6 3. Bb5 a6 4. Ba4 Nf6 5. 0-0 Be7 6. Re1 b5 7. Bb3 d6 8. c3 0-0 9. d4 Bg4 10. a4 Bxf3 11. gxf3 Na5 12. Ba2 c6 13. f4 exf4 14. Bxf4 Qc8 15. Nd2 Qg4+ 16. Qxg4 Nxg4 17. b4 Nb7 18. Reb1 Rfd8 19. f3 Nf6 20. c4 bxa4 21. Kf2 Rd7 22. Be3 d5 23. Ke2 dxe4 24. fxe4 Bf8 25. e5 Ne8 26. Rb2 Nc7 27. Ne4 a5 28. Nc5 Nxc5 29. bxc5 Ne6 30. Rd1 Rad8 31. Rbd2 Rb8 32. Bb1 g6 33. Be4 Nd8 34. d5 Rc7 35. Rc2 Rcb7 36. Ra1 Rb4 37. d6 Bg7 38. Bd2 Bxe5 39. Raa2 Rb3 40. Be3 a3 41. Rd2 Kf8 42. Bc2 Rc3 43. Rd3 Rxc4 44. Rdxa3 Rh4 45. Rxa5 Rxh2+ 46. Kd3 Rh4 47. Ra8 Rhb4 48. Bh6+ Ke8 49. R2a7 Bf6 50. Bd2 Rxa8 51. Rxa8 Rb5 52. Be3 Kd7 53. Bd1 h5 54. Bf3 Rb3+ 55. Kd2 Rb2+ 56. Kd3 Rb3+ 57. Ke2 Rb2+ 58. Kf1 Bh4 59. Bd1 Rb4 60. Ra7+ Rb7 61. Ra4 f5 62. Bf3 Bf6 63. Be2 h4 64. Bd3 h3 65. Bg1 Ne6 66. Ra2 h2 67. Bxh2 Nxc5 68. Bc4 Ne4 69. Bf7 Rb1+ 70. Kg2 Rb2+ 71. Kh1 Nxd6 72. Bxg6 Rb1+ 73. Kg2 Ra1 74. Rxa1 Bxa1 75. Bxd6 Kxd6 76. Bxf5 1/2-1/2

[Event "Moscow op-B 04th"]
[Site "Moscow"]
[Date "2008.02.07"]
[Round "6"]
[White "Gharagyozyan, Artur"]
[Black "Pokrovski, Pavel"]
[Result "1/2-1/2"]
[WhiteElo "2144"]
[BlackElo "2263"]
[PlyCount "44"]
[EventDate "2008.02.02"]
[EventType "swiss"]
[EventRounds "9"]
[EventCountry "RUS"]
[SourceTitle "CBM 122 Extra"]
[Source "ChessBase"]
[SourceDate "2008.03.04"]
[SourceVersion "1"]
[SourceVersionDate "2008.03.04"]
[SourceQuality "1"]

1. e4 e5 2. Nf3 Nf6 3. Nxe5 d6 4. Nf3 Nxe4 5. Nc3 Nxc3 6. dxc3 Be7 7. Bf4 0-0 8. Qd2 Nc6 9. 0-0-0 a6 10. h3 b5 11. Kb1 Rb8 12. Bd3 Be6 13. Rhe1 Qd7 14. Bg5 f6 15. Be3 Ne5 16. Nxe5 fxe5 17. f4 Bh4 18. Rf1 Bg3 19. fxe5 Bxe5 20. Bd4 Bxd4 21. cxd4 Bf5 22. Bxf5 Rxf5 1/2-1/2

[Event "Moscow op-B 04th"]
[Site "Moscow"]
[Date "2008.02.05"]
[Round "4"]
[White "Shmatkov, Mikhail"]
[Black "Pokrovski, Pavel"]
[Result "0-1"]
[WhiteElo "2193"]
[BlackElo "2263"]
[PlyCount "64"]
[EventDate "2008.02.02"]
[EventType "swiss"]
[EventRounds "9"]
[EventCountry "RUS"]
[SourceTitle "CBM 122 Extra"]
[Source "ChessBase"]
[SourceDate "2008.03.04"]
[SourceVersion "1"]
[SourceVersionDate "2008.03.04"]
[SourceQuality "1"]

1. e4 e5 2. Nf3 Nf6 3. Nxe5 d6 4. Nf3 Nxe4 5. d4 d5 6. Bd3 Bd6 7. 0-0 0-0 8. c4 c6 9. Nc3 Nxc3 10. bxc3 Bg4 11. cxd5 cxd5 12. Rb1 Nd7 13. h3 Bh5 14. Rb5 Nb6 15. c4 Bxf3 16. Qxf3 dxc4 17. Be4 Qd7 18. a4 Rab8 19. Bf5 Qc6 20. Qg4 g6 21. Bh6 Nxa4 22. Bd7 Qc7 23. Rg5 Nb6 24. Bf5 Kh8 25. Rh5 Nd5 26. Qh4 gxh5 27. Qxh5 f6 28. Re1 Qf7 29. Qg4 Rg8 30. Qf3 Rge8 31. Rc1 b5 32. g3 Bf8 0-1

[Event "Moscow op-B 04th"]
[Site "Moscow"]
[Date "2008.02.03"]
[Round "2"]
[White "Dzyuba, Alexander"]
[Black "Pokrovski, Pavel"]
[Result "0-1"]
[WhiteElo "2125"]
[BlackElo "2263"]
[PlyCount "80"]
[EventDate "2008.02.02"]
[EventType "swiss"]
[EventRounds "9"]
[EventCountry "RUS"]
[SourceTitle "CBM 122 Extra"]
[Source "ChessBase"]
[SourceDate "2008.03.04"]
[SourceVersion "1"]
[SourceVersionDate "2008.03.04"]
[SourceQuality "1"]

1. e4 e5 2. Nf3 Nc6 3. d4 exd4 4. Nxd4 Nge7 5. Bc4 Nxd4 6. Qxd4 Nc6 7. Qd5 Qf6 8. Bd2 Nb4 9. Bxb4 Bxb4+ 10. c3 0-0 11. Nd2 c6 12. Qd3 Bc5 13. 0-0 d6 14. Kh1 Bb6 15. f4 Be6 16. Rae1 Rad8 17. Qf3 Qh6 18. Bd3 d5 19. f5 Qxd2 20. fxe6 fxe6 21. Qh3 Qh6 22. Qxh6 gxh6 23. Rxf8+ Rxf8 24. exd5 exd5 25. c4 Rf2 26. cxd5 cxd5 27. Rb1 Bd4 28. g3 Bxb2 29. Rd1 Bc3 30. a4 Kg7 31. Bb5 d4 32. Bc4 Rb2 33. a5 b5 34. Bd5 Kf6 35. a6 Ke5 36. Bg8 Ke4 37. Bxh7+ Ke3 38. Rd3+ Ke2 39. g4 Rd2 40. Rh3 Kf2 0-1

[Event "Geller Memorial op"]
[Site "Moscow"]
[Date "2001.??.??"]
[Round "1"]
[White "Pokrovski, Pavel"]
[Black "Nikolenko, Oleg"]
[Result "0-1"]
[WhiteElo "2304"]
[BlackElo "2520"]
[PlyCount "72"]
[EventDate "2001.10.26"]
[EventType "swiss"]
[EventRounds "9"]
[EventCountry "RUS"]
[SourceTitle "EXT 2002"]
[Source "ChessBase"]
[SourceDate "2001.11.25"]
[SourceVersion "1"]
[SourceVersionDate "2001.11.25"]
[SourceQuality "1"]

1. e4 e6 2. d4 d5 3. Nd2 c5 4. exd5 exd5 5. Bb5+ Bd7 6. Qe2+ Be7 7. dxc5 Nf6 8. Nb3 0-0 9. Be3 Re8 10. 0-0-0 a6 11. Bxd7 Nbxd7 12. Nf3 Nxc5 13. Nxc5 Bxc5 14. Nd4 Qd7 15. Qf3 Rac8 16. Kb1 Ne4 17. Rd3 Qc7 18. c3 Be7 19. Nf5 Bf6 20. Bd4 Bxd4 21. Rxd4 Qe5 22. Rhd1 Rc5 23. Ng3 Nf6 24. Qf5 Qe6 25. Qxe6 fxe6 26. f4 e5 27. fxe5 Rxe5 28. a4 Rc7 29. Kc2 h5 30. R1d2 Ng4 31. h3 Ne3+ 32. Kd3 Nc4 33. Re2 Rce7 34. Rxe5 Rxe5 35. Kc2 Rg5 36. b3 Ne3+ 0-1

[Event "RUS-Cup"]
[Site "Moscow"]
[Date "2000.??.??"]
[Round "6"]
[White "Pokrovski, Pavel"]
[Black "Yuferov, Sergey N"]
[Result "1/2-1/2"]
[WhiteElo "2300"]
[BlackElo "2450"]
[PlyCount "128"]
[EventDate "2000.??.??"]
[EventType "swiss"]
[EventRounds "9"]
[EventCountry "RUS"]
[SourceTitle "EXT 2001"]
[Source "ChessBase"]
[SourceDate "2000.11.22"]
[SourceVersion "1"]
[SourceVersionDate "2000.11.22"]
[SourceQuality "1"]

1. e4 c5 2. Nf3 d6 3. d4 cxd4 4. Nxd4 Nf6 5. Nc3 a6 6. Bg5 e6 7. f4 Qc7 8. Qf3 b5 9. Bxf6 gxf6 10. Bd3 Bb7 11. 0-0-0 b4 12. Nce2 h5 13. Qh3 Nd7 14. Nxe6 fxe6 15. Qxe6+ Be7 16. e5 Nf8 17. exd6 Nxe6 18. dxc7 Rg8 19. Ng3 Nxf4 20. Bc4 Rg5 21. Rhf1 Nxg2 22. Nf5 Rxf5 23. Rxf5 Ne3 24. Rxh5 Nxd1 25. Be6 Ne3 26. Rh8+ Bf8 27. Rh7 Bc6 28. c8Q+ Rxc8 29. Bxc8 a5 30. Bb7 Bd7 31. b3 f5 32. Kd2 Ng4 33. c4 bxc3+ 34. Kxc3 Nf6 35. Rh4 Ba3 36. Rh8+ Ke7 37. Ra8 Bb4+ 38. Kc4 Ne8 39. Kd3 Nd6 40. Bh1 Ke6 41. a3 Bb5+ 42. Kc2 Bxa3 43. Rxa5 Bb4 44. Ra8 Ke5 45. h4 Be8 46. Bf3 Kf4 47. Bd1 Be1 48. Rd8 Bb4 49. Rb8 Bc5 50. b4 Bd4 51. Kb3 Be5 52. Be2 Ke3 53. Ba6 Bf7+ 54. Ka4 f4 55. Bf1 f3 56. b5 f2 57. Rf8 Bc4 58. Bxc4 Nxc4 59. Rxf2 Kxf2 60. Kb4 Nd6 61. Kc5 Ke3 62. h5 Ke4 63. b6 Kf5 64. Kc6 Ke6 1/2-1/2

[Event "RUS-Cup03 Geller Memorial"]
[Site "Moscow"]
[Date "1999.02.09"]
[Round "8"]
[White "Pokrovski, Pavel"]
[Black "Frog, Ilya"]
[Result "1/2-1/2"]
[WhiteElo "2305"]
[BlackElo "2415"]
[PlyCount "113"]
[EventDate "1999.02.10"]
[EventType "swiss"]
[EventRounds "9"]
[EventCountry "RUS"]
[SourceTitle "CBM 070"]
[Source "ChessBase"]
[SourceDate "1999.06.08"]
[SourceVersion "1"]
[SourceVersionDate "1999.06.08"]
[SourceQuality "1"]

1. e4 g6 2. d4 Bg7 3. c4 d6 4. Nc3 Nf6 5. Nf3 0-0 6. Be2 c5 7. 0-0 cxd4 8. Nxd4 Nc6 9. Be3 Nd7 10. Rc1 Nc5 11. Nxc6 bxc6 12. b4 Ne6 13. f4 c5 14. bxc5 dxc5 15. Qxd8 Rxd8 16. e5 Bb7 17. Rb1 Bc6 18. Nd5 Rd7 19. Bf3 Rc8 20. Rf2 Nf8 21. Rfb2 e6 22. Nf6+ Bxf6 23. Bxc6 Rxc6 24. exf6 Rd3 25. Rb8 Rb6 26. Rxf8+ Kxf8 27. Bxc5+ Ke8 28. Bxb6 axb6 29. Rxb6 Rd4 30. g3 e5 31. fxe5 Rxc4 32. Rb7 Ra4 33. Re7+ Kf8 34. Rd7 Ke8 35. Re7+ Kf8 36. Rd7 Ke8 37. Rd2 h5 38. Kf2 Ra3 39. Ke1 g5 40. Kd1 h4 41. gxh4 gxh4 42. Re2 Kd7 43. Kc1 Ra8 44. Kb2 Rb8+ 45. Kc3 Ra8 46. Kb4 Rb8+ 47. Kc5 Ra8 48. e6+ fxe6 49. Rf2 Ke8 50. f7+ Kf8 51. Kd6 Ra6+ 52. Ke5 h3 53. Kf6 Ra5 54. Kxe6 Rg5 55. Rf3 Rg6+ 56. Rf6 Rxf6+ 57. Kxf6 1/2-1/2